| 000 | 00374nam a2200133Ia 4500 | ||
|---|---|---|---|
| 008 | 230917s9999||||xx |||||||||||||| ||und|| | ||
| 040 |
_e90440 _aMAIN |
||
| 041 | _aEnglish | ||
| 082 | _a370.153 V816C | ||
| 100 | _aVirender Singh | ||
| 245 | 0 | _aComparative study of the attitude of B.Ed. pupil teachers belonging to arts and commerce groups | |
| 300 | _a64 p. | ||
| 942 | _cTH | ||
| 999 |
_c87172 _d87172 |
||